New headway plus, (Record no. 5120)

MARC details
000 -LEADER
fixed length control field 01194nam a22003495a 4500
003 - CONTROL NUMBER IDENTIFIER
control field EG-ScBUE
005 - DATE AND TIME OF LATEST TRANSACTION
control field 20220524102725.0
008 - FIXED-LENGTH DATA ELEMENTS--GENERAL INFORMATION
fixed length control field 110505r20102006enka f 000 0 eng d
020 ## - INTERNATIONAL STANDARD BOOK NUMBER
International Standard Book Number 9780194715775
020 ## - INTERNATIONAL STANDARD BOOK NUMBER
International Standard Book Number 0194715775
040 ## - CATALOGING SOURCE
Original cataloging agency EG-ScBUE
Language of cataloging eng
Description conventions rda
Transcribing agency EG-ScBUE
Modifying agency EG-ScBUE
082 04 - DEWEY DECIMAL CLASSIFICATION NUMBER
Classification number 428.24
Item number SOA
Edition number 22
100 1# - MAIN ENTRY--PERSONAL NAME
Personal name Soars, Liz,
Dates associated with a name 1945-
Relator term author.
9 (RLIN) 34639
245 10 - TITLE STATEMENT
Title New headway plus,
Name of part/section of a work Intermediate,
-- Workbook without key /
Statement of responsibility, etc Liz and John Soars.
246 30 - VARYING FORM OF TITLE
Title proper/short title Intermediate
246 30 - VARYING FORM OF TITLE
Title proper/short title Workbook without key
250 ## - EDITION STATEMENT
Edition statement Reprinted edition.
264 #1 - PUBLICATION, DISTRIBUTION, ETC. (IMPRINT)
Place of publication, distribution, etc Oxford :
Name of publisher, distributor, etc Oxford University Press,
Date of publication, distribution, etc 2010.
300 ## - PHYSICAL DESCRIPTION
Extent 88 pages :
Other physical details illustrations ;
Dimensions 30 cm
336 ## - CONTENT TYPE
Source rdacontent
Content type term text
Content type code txt
337 ## - MEDIA TYPE
Source rdamedia
Media type term unmediated
Media type code n
338 ## - CARRIER TYPE
Source rdacarrier
Carrier type term volume
Carrier type code nc
521 ## - TARGET AUDIENCE NOTE
Target audience note For intermediate learners.<br/>
590 ## - LOCAL NOTE (RLIN)
Local note Mohamed Hussein
650 #7 - SUBJECT ADDED ENTRY--TOPICAL TERM
Topical term or geographic name as entry element English language
Form subdivision Textbooks for foreign speakers.
Source of heading or term BUEsh
9 (RLIN) 23630
650 #7 - SUBJECT ADDED ENTRY--TOPICAL TERM
Topical term or geographic name as entry element English language
General subdivision Study and teaching
-- Foreign speakers.
Source of heading or term BUEsh
651 ## - SUBJECT ADDED ENTRY--GEOGRAPHIC NAME
Source of heading or term BUEsh
653 ## - INDEX TERM--UNCONTROLLED
Resource For college Humanities: English
Arrived date list August2015
-- January2019
655 ## - INDEX TERM--GENRE/FORM
Form subdivision Reading book
9 (RLIN) 34232
700 1# - ADDED ENTRY--PERSONAL NAME
Personal name Soars, John,
Dates associated with a name 1951-
Relator term author.
9 (RLIN) 2160
942 ## - ADDED ENTRY ELEMENTS (KOHA)
Source of classification or shelving scheme Dewey Decimal Classification
Koha item type Book - Borrowing
Holdings
Withdrawn status Lost status Source of classification or shelving scheme Damaged status Not for loan Collection code Home library Current library Shelving location Date acquired Source of acquisition Total Checkouts Full call number Barcode Date last seen Date checked out Price effective from Koha item type Total Renewals
    Dewey Decimal Classification       Central Library Central Library Second Floor 07/10/2016   4 428.24 SOA 000006404 15/07/2025 01/10/2014 16/10/2007 Book - Borrowing  
    Dewey Decimal Classification       Central Library Central Library Second Floor 07/10/2016   3 428.24 SOA 000006403 15/07/2025 12/05/2015 16/10/2007 Book - Borrowing 4
    Dewey Decimal Classification       Central Library Central Library Second Floor 07/10/2016   1 428.24 SOA 000006402 15/07/2025 22/09/2013   Book - Borrowing  
    Dewey Decimal Classification       Central Library Central Library Second Floor 07/10/2016   2 428.24 SOA 000006401 15/07/2025 16/11/2014 16/10/2007 Book - Borrowing  
    Dewey Decimal Classification       Central Library Central Library Second Floor 05/05/2011 Purchase 1 428.24 SOA 000006400 15/07/2025 18/09/2016   Book - Borrowing 1
    Dewey Decimal Classification       Central Library Central Library Second Floor 18/08/2015 Purchase   428.24 SOA 000009921 15/07/2025   18/08/2015 Book - Borrowing